000 00583nam a2200193 i 4500
001 68038
003 ES-MaACL
005 20230906170207.0
007 t|
008 040217s1973 sp ||||1| spa d
100 1 _aGamir, Luis.
_953796
245 1 3 _aEl comercio exterior de España /
_cdirigido por Luis Gamir.
260 _aMadrid :
_bMoneda y Crédito,
_c1973.
300 _a436 p. ;
_c24 cm.
490 1 _aCuadernos de Moneda y Crédito ;
_v12
830 0 _aCuadernos de Moneda y Crédito ;
_v12
_9183217
852 _aES-MaACL
_jC-55938
_bR.88563
999 _c68038
_d68038